[Event "50th Biel GM 2017"]
[Site "Biel SUI"]
[Date "2017.07.24"]
[Round "1.4"]
[White "Morozevich, Alexander"]
[Black "Hou, Yifan"]
[Result "0-1"]
[WhiteTitle "GM"]
[BlackTitle "GM"]
[WhiteElo "2675"]
[BlackElo "2666"]
[WhiteFideId "4116992"]
[BlackFideId "8602980"]
[EventDate "2017.07.24"]

1. Nf3 Nf6 2. g3 d5 3. Bg2 e6 4. O-O Be7 5. d3 O-O 6. Nbd2 c5 7. e4 Nc6 8. Re1
Qc7 9. c3 b6 10. e5 Nd7 11. Qe2 a5 12. Nf1 a4 13. Bf4 Bb7 14. h4 Rfc8 15. Ne3
Qd8 16. h5 b5 17. Nxd5 exd5 18. e6 Nf8 19. exf7+ Kxf7 20. h6 Bf6 21. Nh2 Ne7 22.
Bh3 Rc6 23. Ng4 Neg6 24. Bd2 d4 25. hxg7 Kxg7 26. Qf3 Rb6 27. Qf5 Qd5 28. Bh6+
Kf7 29. Qxd5+ Bxd5 30. Nxf6 Rxf6 31. cxd4 Nh4 32. gxh4 Rxh6 33. Re5 Rd8 34. Rf5+
Rf6 35. dxc5 Ng6 36. c6 Bxc6 37. Rc1 Rd6 0-1

[Event "50th Biel GM 2017"]
[Site "Biel SUI"]
[Date "2017.08.02"]
[Round "9.4"]
[White "Navara, David"]
[Black "Vaganian, Rafael A"]
[Result "1-0"]
[WhiteTitle "GM"]
[BlackTitle "GM"]
[WhiteElo "2737"]
[BlackElo "2562"]
[WhiteFideId "309095"]
[BlackFideId "13300016"]
[EventDate "2017.07.24"]

1. e4 e6 2. d4 d5 3. Nd2 c5 4. Ngf3 Nc6 5. exd5 exd5 6. Bb5 Bd6 7. dxc5 Bxc5 8.
O-O Ne7 9. Nb3 Bd6 10. h3 O-O 11. Bd3 h6 12. c3 Nf5 13. Bc2 Be6 14. Qd3 Qf6 15.
g4 g6 16. Re1 Rfe8 17. Rxe6 fxe6 18. gxf5 gxf5 19. Bd2 Rad8 20. Kh1 Kf7 21. Nbd4
Rg8 22. Re1 Rde8 23. Nxe6 Rxe6 24. Qxd5 Ne7 25. Qxe6+ Qxe6 26. Rxe6 Kxe6 27.
Bb3+ Kf6 28. Bxg8 Nxg8 29. Kg2 a6 30. a4 Bf8 31. c4 Ne7 32. Bc3+ Kf7 33. Ne5+
Ke6 34. Nd3 Ng6 35. Kf3 Bd6 36. Ke3 Ne7 37. Bg7 Ng8 38. Kd4 b6 39. c5 Bc7 40.
Kc4 a5 41. cxb6 Bxb6 42. Kb5 Kd5 1-0